The origin of party wall law in the City of London (Record no. 112338)

MARC details
000 -LEADER
fixed length control field 00737cam a22002175a 4500
001 - CONTROL NUMBER
control field E153027
008 - FIXED-LENGTH DATA ELEMENTS--GENERAL INFORMATION
fixed length control field 110524s2005 xxk f 000 0 eng d
020 ## - INTERNATIONAL STANDARD BOOK NUMBER
International Standard Book Number 9780955099528
035 ## - SYSTEM CONTROL NUMBER
System control number (Sirsi) u153027
041 0# - LANGUAGE CODE
Language code of text/sound track or separate title eng
050 04 - LIBRARY OF CONGRESS CALL NUMBER
Classification number 692.2 $2 18
100 1# - MAIN ENTRY--PERSONAL NAME
Personal name Whittick, K. G.
245 04 - TITLE STATEMENT
Title The origin of party wall law in the City of London
Remainder of title before the great fire
260 ## - PUBLICATION, DISTRIBUTION, ETC.
Place of publication, distribution, etc. Godalming
Name of publisher, distributor, etc. Faculty of Party Wall Surveyors
Date of publication, distribution, etc. 2005
300 ## - PHYSICAL DESCRIPTION
Extent 57p.
Other physical details ill.
Dimensions 21cm.
520 ## - SUMMARY, ETC.
Summary, etc. Looks at the development of party wall law in London from the 12th century to the Great Fire.
590 ## - LOCAL NOTE (RLIN)
Local note KA
651 #4 - SUBJECT ADDED ENTRY--GEOGRAPHIC NAME
Geographic name England and Wales
Chronological subdivision 1543-
690 ## - LOCAL SUBJECT ADDED ENTRY--TOPICAL TERM (OCLC, RLIN)
Topical term or geographic name as entry element PROPERTY-PROPERTY MANAGEMENT-EASEMENTS-PARTY WALL SURVEYING-PARTY WALLS
942 ## - ADDED ENTRY ELEMENTS (KOHA)
Suppress in OPAC 0
Holdings
Withdrawn status Lost status Source of classification or shelving scheme Damaged status Not for loan Home library Current library Shelving location Date acquired Total Checkouts Full call number Barcode Date last seen Copy number Price effective from Koha item type
    Dewey Decimal Classification     London London Books 24/05/2011   692.2 WHI 30076983 06/08/2019 1 06/08/2019 Book